<?xml version="1.0" encoding="UTF-8"?>
<record
    xmlns:xsi="http://www.w3.org/2001/XMLSchema-instance"
    xsi:schemaLocation="http://www.loc.gov/MARC21/slim http://www.loc.gov/standards/marcxml/schema/MARC21slim.xsd"
    xmlns="http://www.loc.gov/MARC21/slim">

  <leader>00690nam a22002057a 4500</leader>
  <controlfield tag="003">OSt</controlfield>
  <controlfield tag="005">20160223170846.0</controlfield>
  <controlfield tag="008">160223s2012    spc||||  |||| 0|0 0 cat|d</controlfield>
  <datafield tag="017" ind1=" " ind2=" ">
    <subfield code="a">DL B. 4572-2012</subfield>
    <subfield code="b">Biblioteca de Catalunya</subfield>
  </datafield>
  <datafield tag="020" ind1=" " ind2=" ">
    <subfield code="a">9788415224532</subfield>
  </datafield>
  <datafield tag="040" ind1=" " ind2=" ">
    <subfield code="c">CDMR</subfield>
  </datafield>
  <datafield tag="100" ind1="1" ind2=" ">
    <subfield code="a">Valle, Nicol&#xE1;s</subfield>
  </datafield>
  <datafield tag="245" ind1="1" ind2="0">
    <subfield code="a">Secrets de guerra </subfield>
    <subfield code="b">: el preu d'informar en zones de perill </subfield>
    <subfield code="c">Nicol&#xE1;s Valle </subfield>
  </datafield>
  <datafield tag="260" ind1=" " ind2=" ">
    <subfield code="a">Badalona </subfield>
    <subfield code="b">Ara Llibres</subfield>
    <subfield code="c">2012</subfield>
  </datafield>
  <datafield tag="300" ind1=" " ind2=" ">
    <subfield code="a">250 p., [8] f. de l&#xE0;m. :</subfield>
    <subfield code="b">il. col. ;</subfield>
    <subfield code="c">24 cm</subfield>
  </datafield>
  <datafield tag="600" ind1="1" ind2="7">
    <subfield code="a">Valle, Nicol&#xE1;s</subfield>
    <subfield code="2">lemac</subfield>
  </datafield>
  <datafield tag="650" ind1=" " ind2="0">
    <subfield code="a">Corresponsals de guerra</subfield>
    <subfield code="2">lemac</subfield>
    <subfield code="9">3678</subfield>
    <subfield code="v">Relats personals</subfield>
  </datafield>
  <datafield tag="650" ind1=" " ind2="0">
    <subfield code="a">Guerra</subfield>
    <subfield code="x">Cobertura period&#xED;stica</subfield>
    <subfield code="y">S. XXI</subfield>
    <subfield code="2">lemac</subfield>
    <subfield code="9">4235</subfield>
  </datafield>
  <datafield tag="942" ind1=" " ind2=" ">
    <subfield code="c">MON</subfield>
  </datafield>
  <datafield tag="999" ind1=" " ind2=" ">
    <subfield code="c">6912</subfield>
    <subfield code="d">6912</subfield>
  </datafield>
  <datafield tag="952" ind1=" " ind2=" ">
    <subfield code="0">0</subfield>
    <subfield code="1">0</subfield>
    <subfield code="4">0</subfield>
    <subfield code="7">0</subfield>
    <subfield code="a">CDMR</subfield>
    <subfield code="b">CDMR</subfield>
    <subfield code="d">2016-02-23</subfield>
    <subfield code="e">Intercanvi</subfield>
    <subfield code="g">18.50</subfield>
    <subfield code="l">8</subfield>
    <subfield code="m">7</subfield>
    <subfield code="o">Du 1/134</subfield>
    <subfield code="p">CDMR16020003</subfield>
    <subfield code="r">2020-09-17</subfield>
    <subfield code="s">2020-07-30</subfield>
    <subfield code="v">18.50</subfield>
    <subfield code="w">2016-02-23</subfield>
    <subfield code="y">MON</subfield>
  </datafield>
</record>
